Protecting the environment through land use law standing ground /

Detalles Bibliográficos
Autor principal: Nolon, John R.
Formato: eBook
Lenguaje:inglés
Publicado: Washington DC: Environmental Law Institute, 2014
Materias:
Acceso en línea:Acceso restringido

MARC

LEADER 00000nam a22000007a 4500
005 20220919230133.0
007 cr|||| ||||
008 220919s2014 us |||||s|||| 00||0 eng d
020 |a 978-1-58576-171-5 
035 |a 36423 
040 |a vLex 
090 |c 13946  |d 13946 
100 1 |a Nolon, John R. 
245 1 0 |a Protecting the environment through land use law  |h [Recurso electrn̤ico] :  |b standing ground /  |c John R. Nolon 
256 |a Servicio en ln̕ea 
260 |a Washington DC:  |b Environmental Law Institute,  |c 2014 
300 |a 1 recurso electrn̤ico 
500 |a John R. Nolon’s Protecting the Environment through Land Use Law: Standing Ground takes a close look at the historical struggle of local governments to balance land development with natural resource conservation. This book updates and expands on his four previous books, which established a comprehensive framework for understanding the many ways that local land use authority can be used to preserve natural resources and environmental functions at the community level. Standing Ground describes in detail how localities are responding to new challenges, including the imperative that they adapt to and help mitigate climate change and create sustainable neighborhoods. This body of work emphasizes the critical importance of law in protecting the environment and promoting sustainable development.Standing Ground looks at the legal foundations of local environmental law within the federal legal system, how traditional land use techniques can be used to protect the environment, and innovative and flexible methods for protecting fragile environmental areas and for making urban neighborhoods livable. Nolon examines the effects of climate change on sea level and storm surges, examining local strategies for disaster preparation, mitigation, and recovery. He discusses the growing emphasis on green infrastructure and urban agriculture as crucial strategies for fostering a healthy environment and analyzes the role of environmental impact review. The book concludes with a discussion of environmental dispute resolution and consensus-based land use decision-making.Standing Ground is both a call to action―challenging readers to consider how local law and policy can augment state and federal conservation efforts―and a celebration of the valuable role local governments play in protecting our environment.“This book is committed to understanding that, in the face of new challenges, an integrated approach to environmental law that is interdisciplinary, multifaceted, and participatory is essential.”―Robert Lane, Senior Fellow for Urban Design, Regional Plan Association"When it comes to the subject of local environmental law, John Nolon is a passionate, inspirational, and authoritative guide and teacher. The rest of us―lawyers, planners, professors, judges, public officials, and citizen activists―have all benefited from his insights and have been challenged to think carefully and creatively about the ways in which local law and policy can augment and improve upon federal and state efforts to protect our fragile environment from a growing number of threats.”―Michael Allan Wolf, Richard E. Nelson Chair in Local Government Law, University of Florida Levin College of Law 
506 1 |a Disponible solo en los productos indicados  |d vLex Global  |d vLex Global (Academic Edition, excluding Law Schools)  |d vLex Global (Academic Edition, Law Schools) 
650 0 4 |a Derecho del Medio Ambiente  |z Estados Unidos 
740 0 |a vLex Libros (Servicio en ln̕ea) 
856 4 0 |u https://app.vlex.com/#/sources/36423  |z Acceso restringido 
942 |c BOOK 
999 0 |a Environmental Law